Diseño de una potencia de bicicleta con geometría variable para dos posiciones de conducción
Guardado en:
| Hovedforfatter: | |
|---|---|
| Andre forfattere: | , |
| Format: | Bog |
| Sprog: | Spanish |
| Udgivet: |
[San José , Costa Rica]
2017
|
| Fag: | |
| Tags: |
Tilføj Tag
Ingen Tags, Vær først til at tagge denne postø!
|
MARC
| LEADER | 00000nam a22000007a 4500 | ||
|---|---|---|---|
| 003 | 012622 | ||
| 005 | 20230921102542.0 | ||
| 008 | 170914b2017 cr a|||| m||| 00| ||spa d | ||
| 040 | |c cru CEDI | ||
| 090 | |a TFG 7773 | ||
| 100 | |9 1596 |a Fallas, Florian, Pablo José, 1991- | ||
| 245 | |a Diseño de una potencia de bicicleta con geometría variable para dos posiciones de conducción | ||
| 260 | |a [San José , Costa Rica] |c 2017 | ||
| 300 | |a xiii, 119 [3] hojas ; ilustraciones a color | ||
| 500 | |a Proyecto de graduación (licenciatura en ingeniería mecánica)--Universidad de Costa Rica. Facultad de Ingeniería. Escuela de Ingeniería Mecánica | ||
| 501 | |a Director de Proyecto de Graduación: Ph.D. Pietro Scaglioni Solano | ||
| 650 | |x BICICLETAS |x BICICLETAS - DISEÑO |x DISEÑO DE MAQUINAS |9 9728 | ||
| 700 | |9 1597 |a Marín Sandoval, Fabricio Alejandro, 1993- | ||
| 700 | |9 182 |a Scaglioni Solano, Pietro, 1965- |d Director del TFG | ||
| 942 | |c CEDI | ||
| 999 | |c 18993 |d 18993 | ||
